[Event "Guillermo Garcia Memorial op 24th"]
[Site "Santa Clara"]
[Date "2015.06.10"]
[Round "8"]
[White "Gomez Segura, Adalberto"]
[Black "Morales Romero, Pedro"]
[Result "0-1"]
[WhiteElo "2303"]
[BlackElo "2356"]
[PlyCount "62"]
[EventDate "2015.06.03"]
[EventType "swiss"]
[EventRounds "9"]
[EventCountry "CUB"]
[SourceTitle "CBM 167 Extra"]
[Source "ChessBase"]
[SourceDate "2015.09.14"]
[SourceVersion "1"]
[SourceVersionDate "2015.09.14"]
[SourceQuality "1"]

1. d4 Nf6 2. c4 e6 3. Nf3 c5 4. e3 b6 5. Nc3 Bb7 6. Bd3 Be7 7. 0-0 0-0 8. Qe2 cxd4 9. exd4 d5 10. Bg5 dxc4 11. Bxc4 Nc6 12. Rfd1 Nb4 13. Rac1 Rc8 14. Ne5 Nfd5 15. Be3 Bg5 16. Bxg5 Qxg5 17. Ne4 Qxg2+ 18. Kxg2 Nf4+ 19. Kf1 Nxe2 20. Kxe2 Bxe4 21. a3 Nc2 22. f3 Bf5 23. Ba6 Nxd4+ 24. Kf2 Rxc1 25. Rxc1 f6 26. Nc6 Nxc6 27. Rxc6 Rd8 28. Ke2 Rd7 29. Bc8 Re7 30. Kd2 Kf7 31. Kc3 Ke8 0-1

[Event "Guillermo Garcia Memorial op 24th"]
[Site "Santa Clara"]
[Date "2015.06.07"]
[Round "5"]
[White "Morales Romero, Pedro"]
[Black "Roca Rojas, Ana Flavia"]
[Result "1/2-1/2"]
[WhiteElo "2356"]
[BlackElo "2242"]
[PlyCount "112"]
[EventDate "2015.06.03"]
[EventType "swiss"]
[EventRounds "9"]
[EventCountry "CUB"]
[SourceTitle "CBM 167 Extra"]
[Source "ChessBase"]
[SourceDate "2015.09.14"]
[SourceVersion "1"]
[SourceVersionDate "2015.09.14"]
[SourceQuality "1"]

1. e4 c5 2. Nc3 d6 3. Nf3 Nf6 4. d4 cxd4 5. Nxd4 a6 6. Bg5 Nbd7 7. f4 Qc7 8. Qf3 h6 9. Bh4 g5 10. fxg5 hxg5 11. Bxg5 Qc5 12. Qe3 Ng4 13. Qd2 Bg7 14. Rd1 Ndf6 15. Nf3 b5 16. Bd3 Bb7 17. a3 Rc8 18. h3 Nd7 19. Rf1 Bxc3 20. bxc3 Ngf6 21. Qe2 Nh5 22. Be3 Qxc3+ 23. Kf2 Qg7 24. Ng5 f6 25. Ne6 Qg8 26. Qg4 Ne5 27. Qxg8+ Rxg8 28. g4 Ng7 29. Nd4 Rh8 30. Rh1 d5 31. a4 Nxd3+ 32. cxd3 dxe4 33. dxe4 Bxe4 34. Rhe1 bxa4 35. Bf4 Bg6 36. Bd6 e5 37. g5 e4 38. gxf6 Nh5 39. Be5 Kf7 40. Ne2 Rhd8 41. Rxd8 Rxd8 42. Rc1 Nxf6 43. Bxf6 Kxf6 44. Rc6+ Kg7 45. Rxa6 Rf8+ 46. Kg3 Be8 47. Nf4 Rf6 48. Ra8 Kf7 49. h4 Bd7 50. Ra7 Rd6 51. h5 Kg7 52. Ng6 Kf6 53. Kf4 Be8 54. Ne5 Bxh5 55. Rxa4 Bg6 56. Ra7 Be8 1/2-1/2

[Event "Capablanca Memorial op 49th"]
[Site "Havana"]
[Date "2014.05.10"]
[Round "3"]
[White "Morales Romero, Pedro"]
[Black "Miranda Rodriguez, Tania"]
[Result "1-0"]
[WhiteElo "2327"]
[BlackElo "2161"]
[PlyCount "33"]
[EventDate "2014.04.08"]
[EventType "swiss"]
[EventRounds "10"]
[EventCountry "CUB"]
[SourceTitle "CBM 160 Extra"]
[Source "ChessBase"]
[SourceDate "2014.07.01"]
[SourceVersion "1"]
[SourceVersionDate "2014.07.01"]
[SourceQuality "1"]

1. e4 g6 2. d4 Bg7 3. Nc3 d6 4. Nf3 Nf6 5. g3 h6 6. Be3 0-0 7. Qd2 Kh7 8. Bd3 e6 9. 0-0-0 a6 10. Kb1 b5 11. e5 Nfd7 12. h4 dxe5 13. dxe5 Nxe5 14. Nxe5 Bxe5 15. h5 Bg7 16. hxg6+ fxg6 17. Bxh6 1-0

[Event "Capablanca Memorial op 49th"]
[Site "Havana"]
[Date "2014.05.08"]
[Round "1"]
[White "Morales Romero, Pedro"]
[Black "Romero Nunez, Wendy"]
[Result "1-0"]
[WhiteElo "2327"]
[BlackElo "2080"]
[PlyCount "71"]
[EventDate "2014.04.08"]
[EventType "swiss"]
[EventRounds "10"]
[EventCountry "CUB"]
[SourceTitle "CBM 160 Extra"]
[Source "ChessBase"]
[SourceDate "2014.07.01"]
[SourceVersion "1"]
[SourceVersionDate "2014.07.01"]
[SourceQuality "1"]

1. e4 c6 2. c4 d5 3. exd5 cxd5 4. d4 Nf6 5. Nc3 g6 6. Bg5 Nbd7 7. Nf3 Bg7 8. c5 0-0 9. Bd3 Re8 10. 0-0 h6 11. Bh4 Nf8 12. Bb5 Bd7 13. a4 Bc6 14. Re1 Qc8 15. Bxc6 bxc6 16. b4 g5 17. Bg3 N6d7 18. Rc1 Ng6 19. b5 g4 20. bxc6 Qxc6 21. Nh4 Nxh4 22. Bxh4 e5 23. Nb5 exd4 24. Rxe8+ Rxe8 25. Nxa7 Qa6 26. Nb5 Rc8 27. Be7 d3 28. Bd6 d2 29. Qxd2 Qxa4 30. Nc7 d4 31. Nd5 Kh8 32. Qf4 Qa2 33. Qf5 Qa4 34. f3 Re8 35. c6 Ne5 36. c7 1-0

[Event "Capablanca Memorial op-A 48th"]
[Site "Havana"]
[Date "2013.04.28"]
[Round "7"]
[White "Larrua Gonzalez, Fernando Oscar"]
[Black "Morales Romero, Pedro"]
[Result "1-0"]
[WhiteElo "2295"]
[BlackElo "2366"]
[PlyCount "81"]
[EventDate "2013.04.21"]
[EventType "swiss"]
[EventRounds "10"]
[EventCountry "CUB"]
[SourceTitle "CBM 154 Extra"]
[Source "ChessBase"]
[SourceDate "2013.06.25"]
[SourceVersion "2"]
[SourceVersionDate "2013.06.25"]
[SourceQuality "1"]

1. e4 c5 2. Nf3 d6 3. Bb5+ Bd7 4. Bxd7+ Qxd7 5. c4 Nc6 6. d4 cxd4 7. Nxd4 Nf6 8. Nc3 a6 9. 0-0 Nxd4 10. Qxd4 e6 11. b3 Be7 12. Ba3 Qc7 13. Rac1 0-0 14. Rfd1 Rfd8 15. Bb2 b5 16. cxb5 Qb7 17. bxa6 Qxa6 18. f3 h5 19. b4 Rac8 20. a3 h4 21. Qd3 Qa7+ 22. Kf1 Nh5 23. Ne2 Bg5 24. Bd4 Qa4 25. Be3 Bxe3 26. Qxe3 Rxc1 27. Rxc1 Qb5 28. Kf2 Ra8 29. Rc3 e5 30. g3 Nf6 31. Rd3 hxg3+ 32. hxg3 Ra6 33. Kg2 d5 34. Nc3 Qc4 35. Nxd5 Nxd5 36. exd5 Qa2+ 37. Qd2 Rxa3 38. d6 Qxd2+ 39. Rxd2 Ra8 40. d7 Rd8 41. b5 1-0

[Event "Capablanca Memorial op-A 46th"]
[Site "Havana"]
[Date "2011.05.20"]
[Round "9"]
[White "Cardenas Ballester, Maydelin"]
[Black "Morales Romero, Pedro"]
[Result "0-1"]
[WhiteElo "2114"]
[BlackElo "2354"]
[PlyCount "78"]
[EventDate "2011.05.11"]
[EventType "swiss"]
[EventRounds "10"]
[EventCountry "CUB"]
[SourceTitle "CBM 142 Extra"]
[Source "ChessBase"]
[SourceDate "2011.06.27"]
[SourceVersion "1"]
[SourceVersionDate "2011.06.27"]
[SourceQuality "1"]

1. e4 c5 2. c3 b6 3. d4 Bb7 4. f3 e6 5. d5 Nf6 6. c4 Bd6 7. Nc3 exd5 8. cxd5 0-0 9. Bg5 h6 10. Bh4 a6 11. a4 Re8 12. Be2 c4 13. Nh3 Be5 14. Nf2 Qc7 15. Bxf6 Bxf6 16. 0-0 Qc5 17. Qc2 b5 18. axb5 axb5 19. Rxa8 Bxa8 20. f4 Bd4 21. Bf3 d6 22. Ra1 Bb7 23. Ra5 Ba6 24. g3 Qb6 25. Ra1 Nd7 26. Kg2 Nc5 27. Re1 b4 28. Na4 Nxa4 29. Qxa4 Bb5 30. Qc2 Ra8 31. Nd1 c3 32. bxc3 bxc3 33. Nxc3 Rc8 34. Rc1 Rxc3 35. Qxc3 Bxc3 36. Rxc3 Qd4 37. Rc8+ Kh7 38. Rc2 Bd3 39. Rd2 Bf1+ 0-1